Estudio mineralógico de una montmorillonita de Cerro Bandera (prov. de Neuquén) /
Guardado en:
| Autor Principal: | |
|---|---|
| Otros Autores: | , |
| Formato: | Libro |
| Idioma: | Spanish |
| Publicado: |
1972.
|
| Series: | Revista. Asociación Geológica Argentina ;
v. 27 (4), pp. 399-405 |
| Etiquetas: |
Agregar Etiqueta
Sin Etiquetas, Sea el primero en etiquetar este registro!
|
| LEADER | 00581nam a22001575a 4500 | ||
|---|---|---|---|
| 001 | EEA.libagro000643 | ||
| 008 | 130809s1972####xx############000#0#spa#d | ||
| 005 | 20191016130429.0 | ||
| 245 | 1 | 0 | |a Estudio mineralógico de una montmorillonita de Cerro Bandera (prov. de Neuquén) / |c Norman Peinemann, E.A. Ferreiro, A.K. Helmy. |
| 260 | |c 1972. | ||
| 490 | 1 | |a Revista. Asociación Geológica Argentina ; |v v. 27 (4), pp. 399-405 | |
| 100 | 1 | |a Peinemann, Norman. | |
| 700 | 1 | |a Ferreiro, Eladio A. | |
| 700 | 1 | |a Helmy, Ahmed K. | |
| 082 | 0 | 4 | |a 549.6 |
| 859 | |a AR-BbBCA |b BIB. AGRONOMIA |h S549.6 |i P377 |p 1975/0009 | ||
